000 00709nmc a2200265 a 4500
003 AR-BaBNM
005 20251128203514.0
008 011101s1988 ||||||||||||||000 | spa||
020 _a950-46-0089-1
040 _cAR-BaBNM
100 1 _aGómez, Germán Rafael
245 1 0 _aInformática para educadores
260 _aBuenos Aires
_bSantillana
_c1988
300 _a191 p.
_bdiagr., il.
490 0 _aAula XXI
650 4 _aENSENANZA POR COMPUTADORA
650 4 _aINFORMATICA
650 4 _aLENGUAJES DE COMPUTACION
650 4 _aPROGRAMAS INFORMATICOS
650 4 _aMAQUINAS DE ENSENAR
700 1 _aGómez, Alvaro Rafael
800 1 _aEncinas, José
_edirector
942 _cBK
998 _csilvi
999 _c3688
_d3688